Use and Accuracy of Surgical Stent for placing Dental Implant (Record no. 23899)

MARC details
000 -LEADER
fixed length control field 00470nam a22001817a 4500
003 - CONTROL NUMBER IDENTIFIER
control field SGT
020 ## - INTERNATIONAL STANDARD BOOK NUMBER
International Standard Book Number 9783659900556
082 ## - DEWEY DECIMAL CLASSIFICATION NUMBER
Classification number 617.632
Item number U16R
100 ## - MAIN ENTRY--PERSONAL NAME
Personal name Rao, Dayashankara J.K.
245 ## - TITLE STATEMENT
Title Use and Accuracy of Surgical Stent for placing Dental Implant
260 ## - PUBLICATION, DISTRIBUTION, ETC. (IMPRINT)
Name of publisher, distributor, etc Lambert Academic Publishing
Year of Publication 2016
300 ## - PAGE DESCRIPTION
No. of Pages 61
650 ## - SUBJECT ADDED ENTRY--TOPICAL TERM
Topical term or geographic name as entry element Implant Dentistry
653 ## - KEYWORDS--INDEX TERM
Keyword term Implant Dentistry
700 ## - ADDED ENTRY--PERSONAL NAME
Personal name Gulia, Sunil
700 ## - ADDED ENTRY--PERSONAL NAME
Personal name Sheorain, Anil
942 ## - ADDED ENTRY ELEMENTS (KOHA)
Source of classification or shelving scheme Dewey Decimal Classification
Koha item type Books
Holdings
Withdrawn status Lost status Source of classification or shelving scheme Damaged status Use restrictions Not for loan Home library Current library Shelving location Date acquired SGTU Total Checkouts Full call number Accession No. (Barcode) Date last seen Bill Date Koha item type
    Dewey Decimal Classification   Restricted Access Not For Loan SGT Dental Library SGT Dental Library Reference Book 01/05/2023 SGTU   617.632 U16R FD8973 01/05/2023 01/05/2023 Books